000 00301nam a22001217a 4500
008 170621b xxu||||| |||| 00| 0 eng d
041 _aeng
080 _a94(7/8)
100 _a16
101 _aSHH
245 _aTHE COTTON MANUFACTURING INDUSTRY OF THE UNITED STATES
_cCOPELAND,M.TH
942 _2udc
_cBK
999 _c18415
_d18415